000 00489cam a22001934a 4500
005 20250605164152.0
008 250528s ||||||||||||||||||||||||d
035 _a19415
020 _a9604056271
040 _aGR-AtMCL
_bgre
_dGR-AtMCL
_eAACR2
245 1 _aC++ ΜΕ ΑΝΤΙΚΕΙΜΕΝΟΣΤΡΑΦΗ ΠΡΟΓΡΑΜΜΑΤΙΣΜΟ
250 _a1
260 _bΊων,
_c1995
300 _a426
700 1 _aWang Paul S
_95660
942 _cBK
999 _c4671
_d4671